00635 2200229 4500001002100000005001700021008004100038020001800079035002400097090001500121100002600136245005600162250001100218260002700229300002900256500002500285650004400310850001600354980001400370985000600384999001500390YOGYA-0209000004941520090227032224.0 ind  a979-404-385-0 0010-020900000049415 a410bTar P aTARIGAN, Henny Guntur aPengajaran kedwibahasaancoleh Henny Guntur Tarigan aCet. 1 aBandungbAngkasac1988 aix, 214 hlmbilusc20 cm aTermasuk bibliografi aBahasa Indonesia - Studi dan pengajaran aYOPDYOG (B) a13-8-2007 a1 a99P0003267